ARRUPE JESUIT UNIVERSITY

CORONAVIRUS -STOP THE SPREAD - CLEAN,DISINFECT,COVER

Ancient African metallurgy : (Record no. 128766)

MARC details
000 -LEADER
fixed length control field 01426cam a22003494a 4500
001 - CONTROL NUMBER
control field 11946710
003 - CONTROL NUMBER IDENTIFIER
control field ARRUPE
005 - DATE AND TIME OF LATEST TRANSACTION
control field 20190111094432.0
008 - FIXED-LENGTH DATA ELEMENTS--GENERAL INFORMATION
fixed length control field 000320s2000 cauab b 001 0 eng
010 ## - LIBRARY OF CONGRESS CONTROL NUMBER
LC control number 00036210
020 ## - INTERNATIONAL STANDARD BOOK NUMBER
International Standard Book Number 0742502600 (cloth : alk. paper)
020 ## - INTERNATIONAL STANDARD BOOK NUMBER
International Standard Book Number 0742502619 (pbk. : alk. paper)
040 ## - CATALOGING SOURCE
Original cataloging agency DLC
Transcribing agency DLC
Modifying agency DLC
042 ## - AUTHENTICATION CODE
Authentication code pcc
043 ## - GEOGRAPHIC AREA CODE
Geographic area code f------
050 00 - LIBRARY OF CONGRESS CALL NUMBER
Classification number GN645
Item number .A52 2000
082 00 - DEWEY DECIMAL CLASSIFICATION NUMBER
Classification number 960/.1
Edition number 21
300 ## - PHYSICAL DESCRIPTION
Other physical details ill., maps ;
Dimensions 24 cm.
100 ## - MAIN ENTRY--PERSONAL NAME
Personal name Bisson, Michael S.
9 (RLIN) 43969
245 00 - TITLE STATEMENT
Title Ancient African metallurgy :
Remainder of title the socio-cultural context /
Statement of responsibility, etc Michael S. Bisson ... [et al.] ; edited and with a foreword by Joseph O. Vogel.
260 ## - PUBLICATION, DISTRIBUTION, ETC. (IMPRINT)
Place of publication, distribution, etc Walnut Creek, CA :
Name of publisher, distributor, etc AltaMira Press,
Date of publication, distribution, etc c2000.
300 ## - PHYSICAL DESCRIPTION
Extent xviii, 294 p. :
504 ## - BIBLIOGRAPHY, ETC. NOTE
Bibliography, etc Includes bibliographical references (p. 255-276) and indexes.
650 #0 - SUBJECT ADDED ENTRY--TOPICAL TERM
Topical term or geographic name as entry element Metal-work
Geographic subdivision Africa
General subdivision History.
9 (RLIN) 43970
650 #0 - SUBJECT ADDED ENTRY--TOPICAL TERM
Topical term or geographic name as entry element Metal-work, Prehistoric
Geographic subdivision Africa.
9 (RLIN) 43971
650 #0 - SUBJECT ADDED ENTRY--TOPICAL TERM
Topical term or geographic name as entry element Copperwork
Geographic subdivision Africa
General subdivision History.
9 (RLIN) 43972
650 #0 - SUBJECT ADDED ENTRY--TOPICAL TERM
Topical term or geographic name as entry element Ironwork
Geographic subdivision Africa
General subdivision History.
9 (RLIN) 43973
650 #0 - SUBJECT ADDED ENTRY--TOPICAL TERM
Topical term or geographic name as entry element Ethnoarchaeology
Geographic subdivision Africa.
9 (RLIN) 43974
651 #0 - SUBJECT ADDED ENTRY--GEOGRAPHIC NAME
Geographic name Africa
General subdivision Antiquities.
9 (RLIN) 43975
700 1# - ADDED ENTRY--PERSONAL NAME
Personal name Bisson, Michael S.
9 (RLIN) 43969
700 1# - ADDED ENTRY--PERSONAL NAME
Personal name Vogel, Joseph O.
9 (RLIN) 7083
906 ## - LOCAL DATA ELEMENT F, LDF (RLIN)
a 7
b cbc
c orignew
d 1
e ocip
f 20
g y-gencatlg
942 ## - ADDED ENTRY ELEMENTS (KOHA)
Source of classification or shelving scheme Library of Congress Classification
Koha item type Monograph ( Printed materials)
Holdings
Withdrawn status Lost status Source of classification or shelving scheme Damaged status Not for loan Collection code Home library Current library Shelving location Date acquired Total Checkouts Full call number Barcode Date last seen Price effective from Koha item type
    Library of Congress Classification     SPECIAL Collection ARRUPE LIBRARY ARRUPE LIBRARY REFERENCE 11/01/2019   SPC. GN645 .A52 2000 46600002806 11/01/2019 11/01/2019 SPC

 

Arrupe Library. PO Box MP320 Mt Pleasant, Harare, Zimbabwe
263 242 745411|librarian@aju.ac.zw